| 000 | 01044nam2a2200241 4500 | ||
|---|---|---|---|
| 001 | RU\NLR\BIBL_A\016351713 | ||
| 005 | 20230628124137.0 | ||
| 021 |
_aRU _bКН-П-23-018935 _9КН-П-23-1887 |
||
| 035 | _a(NLR Aleph) 016351713 | ||
| 035 | _a(RuMoRGB)011675596 | ||
| 090 |
_a13123175 _c13123175 |
||
| 100 | _a20230421d2021 u y0rusy50 ca | ||
| 101 | 0 | _arus | |
| 102 | _aRU | ||
| 105 | _ac|||z|||000gy | ||
| 200 | 0 | _aКн. 2 | |
| 210 | _d2021 | ||
| 215 | _a355 с., [1] л. цв. портр. | ||
| 461 | 0 |
_1001RU\NLR\BIBL_A\021969979 _12001#$aСтихи$fНиколай Фролов$vКн. 2 _1700#1$aФролов$bН. В.$f1948-$cлитератор$3RU\NLR\AUTH\770256378$gНиколай Васильевич _912357151 _aФролов, Н. В. (литератор ; 1948-) _cВоронеж _d2022 _fНиколай Фролов _nВоронежская областная типография _tСтихи _vКн. 2 |
|
| 942 | _cBOOK | ||
| 980 | _aNB | ||